| 000 | 00702nam a22001457a 4500 | ||
|---|---|---|---|
| 005 | 20120521160142.0 | ||
| 020 |
_a9788189989736 _c170.00 |
||
| 100 |
_aत्रिपाठी, कमला शंकर _947610 |
||
| 245 |
_aप्रयोजनमूलक हिन्दी/ _cकमला शंकर त्रिपाठी |
||
| 260 |
_aलखनउ _bउत्तर प्रदेश हिन्दी संस्थान _c2011 |
||
| 300 |
_a379 पृ. _c22 सें.मी. (अजिल्द) |
||
| 942 |
_2ddc _cHN _mत्रिपाठी |
||
| 999 |
_c66977 _d66977 |
||